000 00666nam a2200217Ia 4500
001 5378
003 AR-BaAGN
005 20231116141336.0
007 ta
008 211213s1943 ag |||||||||||||| ||ita d
040 _dAR-BaAGN
_aAR-BaAGN
_bspa
_eaacr
100 _aSerrano Redonnet, Antonio E.
245 1 0 _aPico Della Mirandola en Córdoba del Tucumán /
_cAntonio E. Serrano Redonnet
260 _aBuenos Aires :
_bImprenta de la Universidad,
_c1943.
300 _a16 páginas
336 _2rdacontent
_btxt
337 _2rdamedia
_bn
338 _2rdacarrier
_bnc
490 _aInstituto de Literatura Argentina. Sección de crítica ;
_vtomo II, 8
942 _cLIBRO
999 _c5378
_d5379